| 000 | 00000nas 2200000zi 4500 |
| 001 | 9.862830 |
| 003 | CaOODSP |
| 005 | 20250331173721 |
| 006 | m o d f |
| 007 | cr cn |||||||| |
| 008 | 181005d20172023oncar p o f0 0eng|d |
| 040 | |aCaOODSP|beng|erda|cCaOODSP |
| 043 | |an-cn--- |
| 086 | 1 |aT33-34E-PDF |
| 110 | 2 |aFund for Railway Accidents Involving Designated Goods (Canada)|eauthor, |eissuing body. |
| 245 | 14|aThe Administrator's annual report / |cFund for Railway Accidents Involving Designated Goods. |
| 264 | 1|aOttawa, Ontario, Canada : |bThe Administrator of the Fund for Railway Accidents Involving Designated Goods, |c[2017-2023] |
| 310 | |aAnnual |
| 336 | |atext|btxt|2rdacontent |
| 337 | |acomputer|bc|2rdamedia |
| 338 | |aonline resource|bcr|2rdacarrier |
| 362 | 1 |aBegan with: 2016/2017; ceased with: 2022/2023. |
| 500 | |aIssued also in French under title: Rapport annuel de l'Administrateur. |
| 500 | |a"Annual report to the Minister of Transport." |
| 588 | |aDescription based on: 2016/2017; title from PDF title page. |
| 588 | |aLatest issue consulted: 2022/2023. |
| 650 | 0|aLiability for railroad accidents|zCanada|vPeriodicals. |
| 650 | 0|aOil spills|zCanada|xClaims|vPeriodicals. |
| 655 | 7|aPeriodicals|2lcgft |
| 710 | 1 |aCanada. |bTransport Canada. |
| 775 | 08|tRapport annuel de l'Administrateur / |w(CaOODSP)9.862834 |
| 785 | 00|tAnnual report / |w(CaOODSP)9.945527 |